[Event "XLIV Memoriał Szachowy Ludwika Zamenhofa 2025, Grupa B"]
[Site "Bialystok, Poland"]
[Date "2025.12.28"]
[Round "4.9"]
[White "Jakubowska, Anna"]
[Black "Pidluznij, Matvej"]
[Result "1-0"]
[TimeControl "90'+30\""]
[WhiteElo "2139"]
[BlackElo "1868"]

1. e4 {[%clk 01:30:57]} {[%emt 00:00:02]} e5 {[%clk 01:27:51]} {[%emt
00:03:10]} 2. Nf3 {[%clk 01:31:20]} {[%emt 00:00:06]} Nc6 {[%clk 01:28:16]}
{[%emt 00:00:06]} 3. Bc4 {[%clk 01:31:42]} {[%emt 00:00:08]} Bc5 {[%clk
01:28:37]} {[%emt 00:00:08]} 4. O-O {[%clk 01:31:59]} {[%emt 00:00:13]} Nf6
{[%clk 01:28:52]} {[%emt 00:00:15]} 5. d4 {[%clk 01:32:09]} {[%emt 00:00:20]}
Bxd4 {[%clk 01:29:11]} {[%emt 00:00:12]} 6. Nxd4 {[%clk 01:32:33]} {[%emt
00:00:06]} Nxd4 {[%clk 01:29:35]} {[%emt 00:00:05]} 7. Bg5 {[%clk 01:32:47]}
{[%emt 00:00:16]} Ne6 {[%clk 01:18:32]} {[%emt 00:11:33]} 8. f4 {[%clk
01:30:26]} {[%emt 00:02:52]} d6 {[%clk 01:13:10]} {[%emt 00:05:53]} 9. fxe5
{[%clk 01:22:35]} {[%emt 00:08:21]} dxe5 {[%clk 01:12:21]} {[%emt 00:01:18]} 10.
Qxd8+ {[%clk 01:20:29]} {[%emt 00:02:36]} Kxd8 {[%clk 01:10:15]} {[%emt
00:02:35]} 11. Bxf6+ {[%clk 01:18:37]} {[%emt 00:02:23]} gxf6 {[%clk 01:10:26]}
{[%emt 00:00:19]} 12. Nc3 {[%clk 01:16:18]} {[%emt 00:02:48]} c6 {[%clk
01:04:48]} {[%emt 00:06:09]} 13. Rxf6 {[%clk 01:13:24]} {[%emt 00:03:23]} Ke7
{[%clk 01:03:52]} {[%emt 00:01:27]} 14. Raf1 {[%clk 01:13:03]} {[%emt
00:00:50]} Rf8 {[%clk 01:04:06]} {[%emt 00:00:17]} 15. Rh6 {[%clk 01:11:00]}
{[%emt 00:02:33]} Rh8 {[%clk 00:59:31]} {[%emt 00:05:05]} 16. a4 {[%clk
01:09:24]} {[%emt 00:02:06]} Bd7 {[%clk 00:57:04]} {[%emt 00:02:57]} 17. Ne2
{[%clk 01:09:43]} {[%emt 00:00:11]} Raf8 {[%clk 00:47:33]} {[%emt 00:10:01]} 18.
Rf5 {[%clk 00:57:09]} {[%emt 00:13:04]} f6 {[%clk 00:46:44]} {[%emt 00:01:19]}
19. Rfh5 {[%clk 00:57:11]} {[%emt 00:00:28]} Ng5 {[%clk 00:30:59]} {[%emt
00:16:16]} 20. Ng3 {[%clk 00:44:46]} {[%emt 00:12:55]} Be6 {[%clk 00:21:10]}
{[%emt 00:10:19]} 21. Bxe6 {[%clk 00:43:33]} {[%emt 00:01:43]} Kxe6 {[%clk
00:19:50]} {[%emt 00:01:48]} 22. Rxg5 {[%clk 00:43:50]} {[%emt 00:00:14]} 1-0

[Event "XLIV Memoriał Szachowy Ludwika Zamenhofa 2025, Grupa B"]
[Site "Bialystok, Poland"]
[Date "2025.12.28"]
[Round "4.10"]
[White "Olejko, Wojciech"]
[Black "Ciszewski, Krzysztof"]
[Result "1/2-1/2"]
[TimeControl "90'+30\""]
[WhiteElo "1853"]
[BlackElo "2091"]

1. d4 {[%clk 01:30:56]} {[%emt 00:00:03]} Nf6 {[%clk 01:30:56]} {[%emt
00:00:05]} 2. c4 {[%clk 01:31:21]} {[%emt 00:00:05]} g6 {[%clk 01:31:23]}
{[%emt 00:00:03]} 3. Nc3 {[%clk 01:31:25]} {[%emt 00:00:26]} Bg7 {[%clk
01:31:49]} {[%emt 00:00:04]} 4. e4 {[%clk 01:31:50]} {[%emt 00:00:05]} d6
{[%clk 01:32:16]} {[%emt 00:00:03]} 5. Be2 {[%clk 01:32:13]} {[%emt 00:00:06]}
O-O {[%clk 01:32:41]} {[%emt 00:00:06]} 6. Be3 {[%clk 01:32:38]} {[%emt
00:00:05]} c5 {[%clk 01:33:06]} {[%emt 00:00:05]} 7. d5 {[%clk 01:32:49]}
{[%emt 00:00:18]} Qa5 {[%clk 01:33:32]} {[%emt 00:00:05]} 8. Qd2 {[%clk
01:30:02]} {[%emt 00:03:17]} a6 {[%clk 01:33:55]} {[%emt 00:00:07]} 9. h4
{[%clk 01:20:43]} {[%emt 00:09:47]} b5 {[%clk 01:33:50]} {[%emt 00:00:37]} 10.
f3 {[%clk 01:19:41]} {[%emt 00:01:32]} Nbd7 {[%clk 01:27:44]} {[%emt 00:06:36]}
11. Kf2 {[%clk 01:02:27]} {[%emt 00:17:42]} Ne5 {[%clk 01:24:17]} {[%emt
00:03:59]} 12. Nd1 {[%clk 01:00:30]} {[%emt 00:02:27]} Qxd2 {[%clk 01:21:06]}
{[%emt 00:03:41]} 13. Bxd2 {[%clk 01:00:07]} {[%emt 00:00:53]} Nxc4 {[%clk
01:20:38]} {[%emt 00:00:58]} 14. Bxc4 {[%clk 00:59:05]} {[%emt 00:01:32]} bxc4
{[%clk 01:21:03]} {[%emt 00:00:05]} 15. Bc3 {[%clk 00:59:25]} {[%emt 00:00:09]}
e6 {[%clk 01:18:38]} {[%emt 00:02:56]} 16. Ne3 {[%clk 00:56:10]} {[%emt
00:03:45]} exd5 {[%clk 01:17:42]} {[%emt 00:01:26]} 17. exd5 {[%clk 00:56:13]}
{[%emt 00:00:27]} Bb7 {[%clk 01:09:20]} {[%emt 00:08:52]} 18. Rd1 {[%emt
00:05:50]} Rad8 19. Nh3 {[%clk 00:52:43]} {[%emt 00:02:07]} Rfe8 {[%clk
01:06:26]} {[%emt 00:00:26]} 20. Nf4 {[%clk 00:51:13]} Nd7 {[%clk 00:57:28]}
{[%emt 00:11:29]} 21. Bxg7 {[%clk 00:51:13]} Kxg7 {[%clk 00:57:56]} {[%emt
00:00:32]} 22. Nxc4 {[%clk 00:50:49]} Ne5 {[%clk 00:58:19]} {[%emt 00:01:02]}
23. Na5 {[%clk 00:43:15]} Ba8 {[%clk 00:57:56]} {[%emt 00:08:57]} 24. Rhe1
{[%clk 00:42:40]} Kf8 {[%clk 00:45:39]} {[%emt 00:13:51]} 25. Re2 {[%clk
00:42:31]} h6 {[%clk 00:45:18]} {[%emt 00:01:31]} 26. Red2 {[%clk 00:41:55]}
Rb8 {[%clk 00:41:51]} {[%emt 00:05:03]} 27. b3 {[%clk 00:33:38]} Rb4 {[%clk
00:40:13]} {[%emt 00:10:54]} 28. g3 {[%clk 00:32:35]} g5 {[%clk 00:36:35]}
{[%emt 00:05:41]} 29. hxg5 {[%clk 00:32:42]} {[%emt 00:00:23]} hxg5 {[%clk
00:37:01]} {[%emt 00:00:04]} 30. Ng2 {[%clk 00:32:47]} g4 {[%clk 00:36:30]}
{[%emt 00:01:27]} 31. fxg4 {[%clk 00:30:26]} {[%emt 00:02:50]} Nxg4+ {[%clk
00:36:32]} {[%emt 00:00:28]} 32. Kf3 {[%clk 00:30:19]} {[%emt 00:00:37]} Ne5+
{[%clk 00:35:04]} {[%emt 00:01:59]} 33. Kf2 {[%clk 00:30:33]} {[%emt 00:00:13]}
Ng4+ {[%clk 00:35:31]} {[%emt 00:00:06]} 34. Kf3 {[%clk 00:30:55]} {[%emt
00:00:08]} Ne5+ {[%clk 00:33:34]} {[%emt 00:02:27]} 35. Kf2 {[%clk 00:31:18]}
{[%emt 00:00:07]} Ng4+ {[%clk 00:33:58]} {[%emt 00:00:05]} 1/2-1/2

[Event "XLIV Memoriał Szachowy Ludwika Zamenhofa 2025, Grupa B"]
[Site "Bialystok, Poland"]
[Date "2025.12.28"]
[Round "4.11"]
[White "Ryszkiewicz, Adam"]
[Black "Jaszczuk, Piotr"]
[Result "0-1"]
[TimeControl "90'+30\""]
[WhiteElo "1985"]
[BlackElo "1844"]

1. e4 {[%clk 01:30:57]} {[%emt 00:00:03]} c5 {[%clk 01:30:55]} {[%emt
00:00:05]} 2. Nf3 {[%clk 01:31:24]} {[%emt 00:00:04]} Nc6 {[%clk 01:31:21]}
{[%emt 00:00:04]} 3. Bb5 {[%clk 01:31:50]} {[%emt 00:00:03]} Nf6 {[%clk
01:31:45]} {[%emt 00:00:07]} 4. Nc3 {[%clk 01:32:17]} {[%emt 00:00:03]} g6
{[%clk 01:31:57]} {[%emt 00:00:18]} 5. e5 {[%clk 01:32:32]} {[%emt 00:00:14]}
Nh5 {[%clk 01:32:16]} {[%emt 00:00:11]} 6. O-O {[%clk 01:32:56]} {[%emt
00:00:07]} Ng7 {[%clk 01:32:33]} {[%emt 00:00:13]} 7. Re1 {[%clk 01:25:16]}
{[%emt 00:08:09]} Ne6 {[%clk 01:32:16]} {[%emt 00:00:48]} 8. Bxc6 {[%clk
01:24:47]} {[%emt 00:00:59]} dxc6 {[%clk 01:31:43]} {[%emt 00:01:03]} 9. d3
{[%clk 01:25:08]} {[%emt 00:00:08]} Bg7 {[%clk 01:30:30]} {[%emt 00:01:43]} 10.
Ne4 {[%clk 01:18:43]} {[%emt 00:06:55]} Qc7 {[%clk 01:22:17]} {[%emt 00:08:44]}
11. Ng3 {[%clk 01:19:07]} {[%emt 00:00:06]} O-O {[%clk 01:22:34]} {[%emt
00:00:13]} 12. Qe2 {[%clk 01:10:06]} {[%emt 00:09:31]} b6 {[%clk 01:12:58]}
{[%emt 00:10:06]} 13. Bd2 {[%clk 01:06:32]} {[%emt 00:04:04]} Bb7 {[%clk
01:11:58]} {[%emt 00:01:30]} 14. Rad1 {[%clk 01:06:52]} {[%emt 00:00:10]} Rad8
{[%clk 01:01:57]} {[%emt 00:10:31]} 15. h4 {[%clk 01:04:26]} {[%emt 00:02:56]}
Nd4 {[%clk 00:48:34]} {[%emt 00:13:53]} 16. Nxd4 {[%clk 01:04:28]} {[%emt
00:00:28]} cxd4 {[%clk 00:48:57]} {[%emt 00:00:07]} 17. f4 {[%clk 00:59:02]}
{[%emt 00:05:56]} c5 {[%clk 00:45:40]} {[%emt 00:03:48]} 18. Rf1 {[%clk
00:56:04]} {[%emt 00:03:28]} f5 {[%clk 00:42:57]} {[%emt 00:03:13]} 19. exf6
{[%clk 00:55:21]} {[%emt 00:01:12]} exf6 {[%clk 00:43:12]} {[%emt 00:00:17]} 20.
Qe6+ {[%clk 00:54:54]} {[%emt 00:00:56]} Kh8 {[%clk 00:43:32]} {[%emt
00:00:09]} 21. Rde1 {[%clk 00:54:18]} {[%emt 00:01:06]} Bd5 {[%clk 00:42:23]}
{[%emt 00:01:40]} 22. Qe2 {[%clk 00:50:24]} {[%emt 00:04:23]} f5 {[%clk
00:42:30]} {[%emt 00:00:24]} 23. h5 {[%clk 00:49:45]} {[%emt 00:01:08]} Bf6
{[%clk 00:39:40]} {[%emt 00:03:21]} 24. hxg6 {[%clk 00:49:23]} {[%emt
00:00:52]} hxg6 {[%clk 00:40:02]} {[%emt 00:00:08]} 25. Kf2 {[%clk 00:49:05]}
{[%emt 00:00:48]} Kg7 {[%clk 00:39:20]} {[%emt 00:01:11]} 26. Rh1 {[%clk
00:48:33]} {[%emt 00:01:03]} Rh8 {[%clk 00:39:01]} {[%emt 00:00:49]} 27. c4
{[%clk 00:40:37]} {[%emt 00:08:26]} Bc6 {[%clk 00:36:47]} {[%emt 00:02:43]} 28.
Rxh8 {[%clk 00:38:20]} {[%emt 00:02:47]} Rxh8 {[%clk 00:36:19]} {[%emt
00:00:59]} 29. Rh1 {[%clk 00:38:04]} {[%emt 00:00:45]} Rxh1 {[%clk 00:22:23]}
{[%emt 00:14:26]} 30. Nxh1 {[%clk 00:38:16]} {[%emt 00:00:18]} Qb7 {[%clk
00:22:45]} {[%emt 00:00:09]} 31. Kg1 {[%clk 00:34:46]} {[%emt 00:03:59]} Qa6
{[%clk 00:21:58]} {[%emt 00:01:18]} 32. Qe6 {[%clk 00:34:33]} {[%emt 00:00:41]}
Qa4 {[%clk 00:20:33]} {[%emt 00:01:57]} 33. Nf2 {[%clk 00:32:54]} {[%emt
00:02:09]} Bd7 {[%clk 00:20:45]} {[%emt 00:00:17]} 34. Qd6 {[%clk 00:32:34]}
{[%emt 00:00:50]} Be8 {[%clk 00:21:08]} {[%emt 00:00:08]} 35. g4 {[%clk
00:29:40]} {[%emt 00:03:24]} fxg4 {[%clk 00:12:20]} {[%emt 00:09:18]} 36. Kg2
{[%clk 00:28:09]} {[%emt 00:02:00]} Qc6+ {[%clk 00:08:19]} {[%emt 00:04:32]} 37.
Qxc6 {[%clk 00:28:23]} {[%emt 00:00:16]} Bxc6+ {[%clk 00:08:44]} {[%emt
00:00:05]} 38. Kg3 {[%clk 00:28:44]} {[%emt 00:00:09]} Bf3 {[%clk 00:09:06]}
{[%emt 00:00:08]} 39. Nxg4 {[%clk 00:29:05]} {[%emt 00:00:09]} Be2 {[%clk
00:09:12]} {[%emt 00:00:25]} 40. Nf2 {[%clk 00:29:28]} {[%emt 00:00:05]} a5
{[%clk 00:08:46]} {[%emt 00:00:57]} 41. Bc1 {[%clk 00:25:13]} {[%emt 00:04:45]}
Bd8 {[%clk 00:08:30]} {[%emt 00:00:47]} 42. Bd2 {[%clk 00:25:09]} {[%emt
00:00:33]} Kf7 {[%clk 00:08:47]} {[%emt 00:00:12]} 43. Bc1 {[%clk 00:25:15]}
{[%emt 00:00:25]} Ke6 {[%clk 00:09:11]} {[%emt 00:00:07]} 44. Bd2 {[%clk
00:25:25]} {[%emt 00:00:19]} Kf5 {[%clk 00:08:50]} {[%emt 00:00:51]} 45. Bc1
{[%clk 00:25:38]} {[%emt 00:00:18]} Bc7 {[%clk 00:08:40]} {[%emt 00:00:40]} 46.
a3 {[%clk 00:24:18]} {[%emt 00:01:50]} a4 {[%clk 00:08:38]} {[%emt 00:00:31]}
47. Bd2 {[%clk 00:24:33]} {[%emt 00:00:15]} g5 {[%clk 00:08:39]} {[%emt
00:00:28]} 48. Nh3 {[%clk 00:24:55]} {[%emt 00:00:09]} gxf4+ {[%clk 00:08:44]}
{[%emt 00:00:25]} 49. Bxf4 {[%clk 00:25:17]} {[%emt 00:00:08]} Bd8 {[%clk
00:09:09]} {[%emt 00:00:05]} 50. Nf2 {[%clk 00:25:19]} {[%emt 00:00:28]} Bh4+
{[%clk 00:09:33]} {[%emt 00:00:05]} 0-1

[Event "XLIV Memoriał Szachowy Ludwika Zamenhofa 2025, Grupa B"]
[Site "Bialystok, Poland"]
[Date "2025.12.28"]
[Round "4.12"]
[White "Zimny, Jakub"]
[Black "Czarnowicz, Michal"]
[Result "1/2-1/2"]
[TimeControl "90'+30\""]
[WhiteElo "1941"]
[BlackElo "1827"]

1. e4 {[%clk 01:30:54]} {[%emt 00:00:06]} c6 {[%clk 01:30:56]} {[%emt
00:00:05]} 2. d4 {[%clk 01:31:19]} {[%emt 00:00:05]} d5 {[%clk 01:31:21]}
{[%emt 00:00:04]} 3. e5 {[%clk 01:31:44]} {[%emt 00:00:06]} Bf5 {[%clk
01:31:46]} {[%emt 00:00:05]} 4. h4 {[%clk 01:32:05]} {[%emt 00:00:09]} h5
{[%clk 01:32:08]} {[%emt 00:00:07]} 5. Bd3 {[%clk 01:32:28]} {[%emt 00:00:08]}
Bxd3 {[%clk 01:32:20]} {[%emt 00:00:18]} 6. Qxd3 {[%clk 01:32:48]} {[%emt
00:00:09]} Qa5+ {[%clk 01:32:36]} {[%emt 00:00:14]} 7. Nd2 {[%clk 01:33:08]}
{[%emt 00:00:10]} e6 {[%clk 01:32:30]} {[%emt 00:00:36]} 8. Ngf3 {[%clk
01:33:30]} {[%emt 00:00:08]} Nd7 {[%clk 01:29:51]} {[%emt 00:03:10]} 9. O-O
{[%clk 01:33:13]} {[%emt 00:00:47]} Ne7 {[%clk 01:27:49]} {[%emt 00:02:31]} 10.
b4 {[%clk 01:24:31]} {[%emt 00:09:12]} Qc7 {[%clk 01:25:55]} {[%emt 00:02:25]}
11. Nb3 {[%clk 01:21:50]} {[%emt 00:03:11]} Nf5 {[%clk 01:19:16]} {[%emt
00:07:09]} 12. Bd2 {[%clk 01:20:45]} {[%emt 00:01:34]} b5 {[%clk 01:10:24]}
{[%emt 00:09:23]} 13. a4 {[%clk 01:20:20]} {[%emt 00:00:56]} bxa4 {[%clk
00:58:57]} {[%emt 00:11:56]} 14. Rxa4 {[%clk 01:20:12]} {[%emt 00:00:36]} Nb6
{[%clk 00:59:16]} {[%emt 00:00:13]} 15. Ra6 {[%clk 01:18:44]} {[%emt 00:01:58]}
Nc4 {[%clk 00:59:35]} {[%emt 00:00:10]} 16. Rfa1 {[%clk 01:17:34]} {[%emt
00:01:41]} Be7 {[%clk 00:56:37]} {[%emt 00:03:27]} 17. g3 {[%clk 01:17:19]}
{[%emt 00:00:46]} O-O {[%clk 00:56:38]} {[%emt 00:00:28]} 18. Na5 {[%clk
01:12:25]} {[%emt 00:05:25]} Nxa5 {[%clk 00:56:19]} {[%emt 00:00:49]} 19. R1xa5
{[%clk 01:12:25]} {[%emt 00:00:30]} Rfb8 {[%clk 00:48:42]} {[%emt 00:08:06]} 20.
Qa3 {[%clk 01:12:09]} {[%emt 00:00:47]} Rb7 {[%clk 00:48:40]} {[%emt 00:00:32]}
21. c3 {[%clk 01:12:18]} {[%emt 00:00:21]} Qd7 {[%clk 00:43:33]} {[%emt
00:05:37]} 22. Bg5 {[%clk 01:09:25]} {[%emt 00:03:24]} f6 {[%clk 00:39:32]}
{[%emt 00:04:31]} 23. Bf4 {[%clk 01:09:10]} {[%emt 00:00:45]} Bd8 {[%clk
00:35:36]} {[%emt 00:04:25]} 24. Ra4 {[%clk 01:09:12]} {[%emt 00:00:29]} Bb6
{[%clk 00:35:53]} {[%emt 00:00:12]} 25. Ne1 {[%clk 01:05:41]} {[%emt 00:04:01]}
Kh7 {[%clk 00:33:15]} {[%emt 00:03:08]} 26. Nd3 {[%clk 01:05:43]} {[%emt
00:00:28]} Rf8 {[%clk 00:31:32]} {[%emt 00:02:13]} 27. Qa2 {[%clk 01:04:46]}
{[%emt 00:01:28]} Qf7 {[%clk 00:29:38]} {[%emt 00:02:23]} 28. Qc2 {[%clk
01:00:38]} {[%emt 00:04:38]} Rg8 {[%clk 00:28:29]} {[%emt 00:01:40]} 29. exf6
{[%clk 00:53:54]} {[%emt 00:07:14]} gxf6 {[%clk 00:28:47]} {[%emt 00:00:11]} 30.
Kf1 {[%clk 00:54:17]} {[%emt 00:00:07]} Qg6 {[%clk 00:26:22]} {[%emt 00:02:55]}
31. Ra1 {[%clk 00:51:17]} {[%emt 00:03:31]} Re7 {[%clk 00:23:17]} {[%emt
00:03:34]} 32. Re1 {[%clk 00:48:33]} {[%emt 00:03:14]} Qg4 {[%clk 00:19:25]}
{[%emt 00:04:23]} 33. Qd1 {[%clk 00:48:18]} {[%emt 00:00:43]} Qxd1 {[%clk
00:18:47]} {[%emt 00:01:08]} 34. Rxd1 {[%clk 00:46:01]} {[%emt 00:02:48]} Kg6
{[%clk 00:17:26]} {[%emt 00:01:52]} 35. Re1 {[%clk 00:45:21]} {[%emt 00:01:09]}
Kf7 {[%emt 00:02:24]} 1/2-1/2